书目信息 |
| 题名: |
谛听生命
|
|
| 作者: | 薛梅 著 | |
| 分册: | ||
| 出版信息: | 北京 新华出版社 2009.12 |
|
| 页数: | 216页 | |
| 开本: | 21cm | |
| 丛书名: | ||
| 单 册: | ||
| 中图分类: | I267 | |
| 科图分类: | ||
| 主题词: | 散文--san wen--中国--现代--选集 | |
| 电子资源: | ||
| ISBN: | 978-7-5011-9101-7 | |
| 000 | 00892nam0 2200241 450 | |
| 001 | 012010584817 | |
| 005 | 20100411182321.84 | |
| 010 | @a978-7-5011-9101-7@dCNY25.00 | |
| 100 | @a20100411d2009 em y0chiy0120 ea | |
| 101 | 0 | @achi |
| 102 | @aCN@b110000 | |
| 105 | @ay z 000cy | |
| 106 | @ar | |
| 200 | 1 | @a谛听生命@Adi ting sheng ming@e绝症病房医生体验@f薛梅著@Fxue mei zhu |
| 210 | @a北京@c新华出版社@d2009.12 | |
| 215 | @a216页@d21cm | |
| 330 | @a本书是关于生命、病患、医者的纪实散文集。作者以女医生的独特视角和情怀,不仅真实地记录了身患绝症的患者令人感叹和感动的经历以及医生职业中的酸甜苦辣,并展示出有关了解生命、关怀生命、尊重生命的大主题。 | |
| 517 | 1 | @a绝症病房医生体验@Ajue zheng bing fang yi sheng ti yan |
| 606 | 0 | @a散文@Asan wen@y中国@z现代@j选集 |
| 690 | @aI267@v4 | |
| 701 | 0 | @a薛梅@Axue mei@4著 |
| 801 | 0 | @aCN@bQSSK@c20100411 |
| 905 | @b776465-67@dI267@eX957@f3 | |
| 谛听生命:绝症病房医生体验/薛梅著.-北京:新华出版社,2009.12 |
| 216页;21cm |
| ISBN 978-7-5011-9101-7:CNY25.00 |
| 本书是关于生命、病患、医者的纪实散文集。作者以女医生的独特视角和情怀,不仅真实地记录了身患绝症的患者令人感叹和感动的经历以及医生职业中的酸甜苦辣,并展示出有关了解生命、关怀生命、尊重生命的大主题。 |
| ● |
| 相关链接 |
|
|
|
正题名:谛听生命
索取号:I267/X957
 
预约/预借
| 序号 | 登录号 | 条形码 | 馆藏地/架位号 | 状态 | 备注 |
| 1 | 776465 | 207764659 | 文学库116/116文学库 7排5列3层/ [索取号:I267/X957] | 在馆 | |
| 2 | 776466 | 207764668 | 社科二线422/422社科库 29排1列5层/ [索取号:I267/X957] | 在馆 | |
| 3 | 776467 | 207764677 | 文学库116/116文学库 7排5列3层/ [索取号:I267/X957] | 在馆 |